000 00279nam a2200109 a 4500
005 20140414132059.0
008 110805s19uu xx 00 eng d
050 _aTR 411
_bK16 2002
245 _aContemporary Cursive.
260 _aNew York :
_bScholastic,
_c2002.
999 _c114404
_d114404